LIBRARY & INFORMATION CENTRE, KCAET, TAVANUR

ONLINE PUBLIC ACCESS CATALOGUE (OPAC)

General Zoology / (Record no. 5711)

MARC details
000 -LEADER
fixed length control field 00378cam a2200157ua 4500
041 ## - LANGUAGE CODE
Language code of text/sound track or separate title eng
082 ## - DEWEY DECIMAL CLASSIFICATION NUMBER
Classification number 591
Item number ALE/GE
100 ## - MAIN ENTRY--AUTHOR NAME
Personal name Alexander, Gordon .
245 ## - TITLE STATEMENT
Title General Zoology /
250 ## - EDITION STATEMENT
Edition statement 4 /
260 ## - PUBLICATION, DISTRIBUTION, ETC. (IMPRINT)
Place of publication New York :
Name of publisher Barnes & Noble ,
Year of publication 1961.
300 ## - PHYSICAL DESCRIPTION
Number of Pages 289 ; .
942 ## - ADDED ENTRY ELEMENTS (KOHA)
Koha item type Books
Holdings
Withdrawn status Lost status Damaged status Home library Current library Date acquired Full call number Accession Number Koha item type
      KAUAET KAUAET 07/04/2012 591 ALE/GE 3112 Books
free website counter